000 00762nam a22003010a 4500
001 PT45313
003 AR-LpoUNG
005 20210131231044.0
008 191001s2009||||sp |||||||||||||||||spa d
020 _a9788496886162
_c$8
040 _aAR-LpoUNG
_bspa
_cAR-LpoUNG
_eaacr
041 _aspa
044 _asp
082 0 _a808.068 3 636mag
100 1 _aHiggins, F. E.
245 1 3 _aEl mago de los huesos
260 _aBarcelona :
_bUrano,
_c2009.
300 _a253 p. :
_bil., mapa
650 4 _aCUENTOS
650 4 _aLITERATURA
651 4 _aDOCUMENTOS TEORICOS O METODOLOGICOS
653 _aAVENTURA
653 _aLITERATURA INFANTOJUVENIL
653 _aMISTERIO
700 1 _aMartí Pérez, Núria
_etr.
905 _a45313
942 _cLIB
999 _c7725
_d7725